Conflicto y resolución en el mundo laboral / (Registro nro. 6817)
[ vista simple ]
| 000 -LEADER | |
|---|---|
| fixed length control field | 01547cam a2200325 a 4500 |
| 003 - CONTROL NUMBER IDENTIFIER | |
| control field | OSt |
| 005 - DATE AND TIME OF LATEST TRANSACTION | |
| control field | 20200904122115.0 |
| 008 - FIXED-LENGTH DATA ELEMENTS--GENERAL INFORMATION | |
| fixed length control field | 970915s2009 ck ad 0 spa d |
| 015 ## - NATIONAL BIBLIOGRAPHY NUMBER | |
| National bibliography number | SSS |
| 020 ## - INTERNATIONAL STANDARD BOOK NUMBER | |
| International Standard Book Number | 9789587191981 |
| 040 ## - CATALOGING SOURCE | |
| Original cataloging agency | CO-BoPUJ |
| Transcribing agency | CO-JMCR |
| 041 0# - LANGUAGE CODE | |
| Language code of text/sound track or separate title | spa |
| 082 04 - DEWEY DECIMAL CLASSIFICATION NUMBER | |
| Classification number | 344.0189 / |
| Item number | O775c |
| Edition number | 23 |
| 100 1# - MAIN ENTRY--PERSONAL NAME | |
| Personal name | Ortiz Palacios, Iván David |
| Dates associated with a name | 1963-2008 |
| Relator term | autor |
| 9 (RLIN) | 9811 |
| 245 10 - TITLE STATEMENT | |
| Title | Conflicto y resolución en el mundo laboral / |
| Statement of responsibility, etc. | Iván David Ortiz Palacios ; prólogo Jorge Ignacio Salcedo Galán ; palabras de inicio Jeritza Merchán Díaz |
| 250 ## - EDITION STATEMENT | |
| Edition statement | Primera edición |
| 260 ## - PUBLICATION, DISTRIBUTION, ETC. | |
| Place of publication, distribution, etc. | Bogotá : |
| Name of publisher, distributor, etc. | Universidad Nacional de Colombia, |
| Date of publication, distribution, etc. | 2009. |
| 300 ## - PHYSICAL DESCRIPTION | |
| Extent | 175 páginas : |
| Other physical details | ilustraciones, cuadros y diagramas ; |
| Dimensions | 23 cm. |
| 504 ## - BIBLIOGRAPHY, ETC. NOTE | |
| Bibliography, etc. note | Incluye referencias bibliográficas (p. 171-176). |
| 505 0# - FORMATTED CONTENTS NOTE | |
| Formatted contents note | Polifonías y visiones sobre el conflicto. -- El conflicto laboral-panorámica. -- Conflicto laboral - manifestaciones actuales. -- Conflicto laboral. -- Apuntes jurídicos para el caso colombiano. |
| 650 14 - SUBJECT ADDED ENTRY--TOPICAL TERM | |
| Topical term or geographic name entry element | Conflictos laborales |
| 9 (RLIN) | 9812 |
| 650 24 - SUBJECT ADDED ENTRY--TOPICAL TERM | |
| Topical term or geographic name entry element | Negociaciones colectivas de trabajo |
| 9 (RLIN) | 9813 |
| 650 24 - SUBJECT ADDED ENTRY--TOPICAL TERM | |
| Topical term or geographic name entry element | Solución de conflictos |
| 9 (RLIN) | 9814 |
| 650 24 - SUBJECT ADDED ENTRY--TOPICAL TERM | |
| Topical term or geographic name entry element | Derecho laboral |
| 9 (RLIN) | 4458 |
| 700 1# - ADDED ENTRY--PERSONAL NAME | |
| Personal name | Salcedo Galán, Jorge Ignacio |
| Relator term | prologuista |
| 9 (RLIN) | 9815 |
| 700 1# - ADDED ENTRY--PERSONAL NAME | |
| Personal name | Merchán Díaz, Jeritza |
| Relator term | prologuista |
| 9 (RLIN) | 9816 |
| 942 ## - ADDED ENTRY ELEMENTS (KOHA) | |
| Source of classification or shelving scheme | Dewey Decimal Classification |
| Koha item type | Books |
| Withdrawn status | Lost status | Source of classification or shelving scheme | Damaged status | Not for loan | Home library | Current library | Shelving location | Date acquired | Coded location qualifier | Full call number | Barcode | Date last seen | Copy number | Price effective from | Koha item type |
|---|---|---|---|---|---|---|---|---|---|---|---|---|---|---|---|
| Dewey Decimal Classification | Biblioteca Pública José María del Castillo y Rada | Biblioteca Pública José María del Castillo y Rada | General Stacks | 04/15/2018 | $0. | 344.0189 / O775c | 201809999 | 05/16/2024 | Ej.1 | 04/15/2018 | Books |